Αύριο θα είναι όλοι... σταρ;

Saved in:
Bibliographic Details
Main Author: Seguela, Jacques 1934-
Other Authors: Κεκροπούλου, Ελένη (trlf)
Format: Book
Language:Greek
French
Published: Αθήνα : Νέα σύνορα-Λιβάνης, 1992.
Subjects:
Tags: Add Tag
No Tags, Be the first to tag this record!

MARC

LEADER 00000cam a2200000 i 4500
001 1/8884
008 000727s1992 gr | ||| |||| ||gre||
020 |a 9602362197 
035 |l 10062847 
040 |a GR-MyUA  |b gre  |e AACR2 
041 1 |a gre  |h fre 
082 0 |a 920.009045 
100 1 |a Seguela, Jacques  |d 1934- 
245 1 0 |a Αύριο θα είναι όλοι... σταρ; /   |c Jacques Seguela ; μετάφραση απο τα γαλλικά Ελένη Κεκροπούλου.  
260 |a Αθήνα :   |b Νέα σύνορα-Λιβάνης,   |c 1992.  
300 |a 326 σ. ;   |c 21 εκ.  
500 |a Τίτλος πρωτοτύπου: Demain il sera trop star.  
650 0 0 |a Celebrities  |x Biography. 
650 0 0 |a Biography  |y 20th century. 
700 1 |a Κεκροπούλου, Ελένη,  |e trlf 
852 |a INST  |b LESVOS  |e 20000727  |h 920.009045 SEG  |p 005100026525  |q 005100026525  |t BK  |y 0 
901 |a BIBL1-2000-2 
909 |a Λ  |b 080747 
922 |a 1ΕΛΗ  |b 200007  |c ΤΑΚ/ΠΤΕ  |d ΠΑΠΑΣΩΤΗΡΙΟΥ 
950 |a 185-2000-07-07 
970 |a ΤΖΑΦΕΡΗ  |b ΕΥΑΓΓΕΛΙΑ  |z 2000/07/27